[Event "Coulsden op"]
[Site "Coulsden"]
[Date "1999.09.06"]
[Round "9"]
[White "Gormally, Daniel"]
[Black "Arkell, Keith C"]
[Result "1/2-1/2"]
[WhiteElo "2476"]
[BlackElo "2462"]

1.d4 e6 2.Nf3 Nf6 3.c4 Bb4+ 4.Nbd2 b6 5.a3 Bxd2+ 6.Bxd2 Bb7 7.g3 d6 8.Bg2 Nbd7
9.O-O O-O 10.b4 Be4 11.Qb3 e5 12.Bc3 Qe7 13.Rfd1 Rfe8 14.Bh3 h6 15.Bb2 a5
16.Qe3 Bb7 17.dxe5 Nxe5 18.Nxe5 dxe5 19.c5 axb4 20.axb4 Rxa1 21.Bxa1 bxc5
22.Qxc5 Qxc5 23.bxc5 Ne4 24.Rc1 Bc6 25.Bg2 Re6 26.Rc2 f6 27.f3 Ng5 28.h4 Nh7
29.Bc3 Nf8 30.Ra2 Re7 31.Ra7 Ne6 32.Ba5 Nd4 33.Rxc7 Nxe2+ 34.Kf2 Rxc7 35.Bxc7 Nd4
36.Ba5 h5 37.Bc3 Nb3 38.Bb4 Kf7 39.Bf1 Nd4 40.Be2 Ke6 41.Bc4+ Bd5 42.Be2 g6
43.Ba5 Bb3 44.Ba6 Kd5 45.Bd8 f5 46.Bf6 Ke6 47.Bg7 Nc6 48.Bb5 Bd5  1/2-1/2

[Event "POR-ch"]
[Site "Lisbon"]
[Date "1999.09.10"]
[Round "3"]
[White "Pinheiro, Jose"]
[Black "Ferreira, Nelson"]
[Result "0-1"]
[WhiteElo "2269"]
[BlackElo "2207"]

1.d4 Nf6 2.c4 e6 3.Nf3 Bb4+ 4.Nbd2 b6 5.a3 Bxd2+ 6.Qxd2 Bb7 7.e3 d6 8.Be2 Nbd7
9.O-O O-O 10.b4 Qe7 11.Bb2 Ne4 12.Qc2 f5 13.Rac1 Ng5 14.d5 Nxf3+ 15.Bxf3 e5
16.Be2 Rae8 17.Bh5 Rc8 18.Rce1 Qh4 19.Bd1 b5 20.Be2 bxc4 21.Bxc4 Nb6 22.Bd3 Bxd5
23.Bxf5 Rxf5 24.Qxf5 Rf8 25.Qc2 Bxg2 26.f4 Bxf1 27.Rxf1 Qg4+ 28.Qg2 Qxg2+
29.Kxg2 Nc4 30.Bc1 e4 31.Kf2 Kf7 32.Ke2 Ke6 33.Rg1 g6 34.Kd1 Rf5 35.Kc2 Rh5
36.Kc3 d5 37.Rg2 Rh3 38.Kd4 Rf3 39.b5 Rf1 40.Rc2 Kd6  0-1

[Event "CRO-chT"]
[Site "Pula"]
[Date "1999.09.14"]
[Round "5"]
[White "Bukal, Vladimir Jr"]
[Black "Dizdar, Goran"]
[Result "1/2-1/2"]
[WhiteElo "2390"]
[BlackElo "2549"]

1.d4 Nf6 2.c4 e6 3.Nf3 Bb4+ 4.Nbd2 O-O 5.a3 Be7 6.e3 b6 7.b3 Bb7 8.Bb2 c5
9.Bd3 cxd4 10.exd4 d5 11.O-O Nbd7 12.Re1 Re8 13.Bf1 Qc7 14.g3 Rad8 15.Qc2 Bf8
16.Rad1 Qb8 17.Ne5 dxc4 18.Nxd7 Rxd7 19.bxc4 Be7 20.Qb3 Qa8 21.a4 Red8 22.Bh3 Rc7
23.Nf1 Ne4 24.f4 Bf6 25.Ne3 Rcd7 26.d5 Nc5 27.Qc2 Bxb2 28.Qxb2 Nxa4 29.Qa1 Nc5
30.f5 exd5  1/2-1/2

[Event "CRO-chT"]
[Site "Pula"]
[Date "1999.09.14"]
[Round "5"]
[White "Muse, Mladen"]
[Black "Jovanovic, Sasa D"]
[Result "1-0"]
[WhiteElo "2472"]
[BlackElo "2354"]

1.d4 Nf6 2.c4 e6 3.Nf3 Bb4+ 4.Nbd2 c5 5.a3 Bxd2+ 6.Bxd2 b6 7.e3 Bb7 8.Bd3 Ne4
9.Bxe4 Bxe4 10.Bc3 O-O 11.dxc5 bxc5 12.Qd6 Nc6 13.Qxc5 Rc8 14.Qd6 Bxf3 15.gxf3 Ne7
16.Rg1 Nf5 17.e4 Re8 18.exf5 exf5+ 19.Kf1 g6 20.Qd4 f6 21.Qxf6 Qxf6 22.Bxf6 Rxc4
23.Kg2 Kf7 24.Bc3 d5 25.Rad1 Rd8 26.Rd3  1-0

[Event "Popel mem 2nd"]
[Site "Lvov"]
[Date "1999.09.22"]
[Round "1"]
[White "Sulipa, Aleksandar"]
[Black "Atalik, Suat"]
[Result "1/2-1/2"]
[WhiteElo "2434"]
[BlackElo "2598"]

1.d4 Nf6 2.c4 e6 3.Nf3 Bb4+ 4.Nbd2 d6 5.g3 O-O 6.Bg2 Nc6 7.O-O e5 8.d5 Bxd2
9.Nxd2 Nb8 10.b4 a5 11.bxa5 Rxa5 12.Bb2 Bd7 13.Bc3 Ra7 14.a4 Na6 15.a5 Nc5
16.Bb4 Na6 17.Bc3 Nc5 18.Bb4 Na6  1/2-1/2

[Event "Budapest FS10 IM"]
[Site "Budapest"]
[Date "1999.10.02"]
[Round "1"]
[White "Szeberenyi, Adam"]
[Black "Friedrichs, Klaus"]
[Result "0-1"]
[WhiteElo "2357"]
[BlackElo "2148"]

1.d4 Nf6 2.c4 e6 3.Nf3 Bb4+ 4.Nbd2 O-O 5.a3 Be7 6.e4 d5 7.e5 Nfd7 8.cxd5 exd5
9.Bd3 c5 10.O-O Nc6 11.Qe2 Re8 12.e6 Nf6 13.exf7+ Kxf7 14.dxc5 Bxc5 15.Qd1 Kg8
16.b4 Bb6 17.Bb2 Bg4 18.Qb3 Rf8 19.h3 Bxf3 20.Nxf3 Kh8 21.Rad1 Qd6 22.Bb1 Rad8
23.Qd3 Ne4 24.Ba2 Rf5 25.g4 Qg3+ 26.Kh1 Qxh3+ 27.Nh2 Nxf2+ 28.Rxf2 Qxd3 29.Rxd3 Rxf2  0-1

[Event "EU-ch U20 Girls"]
[Site "Patras"]
[Date "1999.10.08"]
[Round "4"]
[White "Radziewicz, Iweta"]
[Black "Iwaniuk, Dorota"]
[Result "0-1"]
[WhiteElo "2395"]
[BlackElo "2189"]

1.d4 Nf6 2.Nf3 e6 3.c4 Bb4+ 4.Nbd2 b6 5.a3 Bxd2+ 6.Bxd2 Bb7 7.Bg5 d6 8.e3 Nbd7
9.Qc2 h6 10.Bh4 O-O 11.Rd1 Qe7 12.Bd3 c5 13.O-O Rac8 14.d5 b5 15.e4 bxc4
16.Bxc4 e5 17.Nd2 g5 18.Bg3 Nh5 19.Be2 Nf4 20.Bg4 Ba6 21.Qa4 Bxf1 22.Bxd7 Rc7
23.Bf5 Bd3 24.Bxf4 exf4 25.Rc1 Rb8 26.Rc3 c4 27.Nxc4 Bxe4 28.Bxe4 Qxe4 29.h4 Qe1+
30.Kh2 Rxb2 31.hxg5 Rb1 32.Kh3 Qxc3+ 33.Kg4 h5+ 34.Kxh5 Rh1+ 35.Kg4 Rxc4
36.Qe8+ Kg7 37.g6 f3+ 38.Kg3 fxg2+ 39.Kxg2 Qh3+  0-1

[Event "EU-ch U20 Girls"]
[Site "Patras"]
[Date "1999.10.13"]
[Round "8"]
[White "Radziewicz, Iweta"]
[Black "Tkeshelashvili, Sofia"]
[Result "1/2-1/2"]
[WhiteElo "2395"]
[BlackElo "2284"]

1.d4 Nf6 2.Nf3 e6 3.c4 Bb4+ 4.Nbd2 d5 5.Qa4+ Nc6 6.a3 Bxd2+ 7.Bxd2 Ne4 8.e3 O-O
9.Bd3 e5 10.cxd5 Qxd5 11.Bc4 Qd6 12.d5 Nxd2 13.Nxd2 Ne7 14.Qb4 Qxb4 15.axb4 Rd8
16.e4 c6 17.dxc6 Nxc6 18.Nf3 Nxb4 19.O-O Nc6 20.Bd5 Ne7 21.Bc4 Nc6 22.Bd5 Bd7
23.Rfe1 Re8 24.h3 h6 25.Ra3 a6 26.Rb3 Rab8 27.Rb6 Be6 28.Rxb7 Rxb7 29.Bxc6 Reb8
30.Bxb7 Rxb7 31.Ra1 Rxb2 32.Rxa6 Rb1+ 33.Kh2 Rb4 34.Nxe5 Rxe4 35.Ra5 Kf8
36.Kg3 g6 37.f4 Kg7 38.Nf3 Rb4 39.Ra3 Rb3 40.Rxb3 Bxb3 41.Nd4 Bd5 42.Kf2 Kf6
43.g4 h5 44.g5+ Kg7 45.f5 f6 46.h4 fxg5 47.hxg5 gxf5 48.Nxf5+ Kg6 49.Ne7+ Kxg5
50.Nxd5  1/2-1/2

[Event "AUT2W-chT"]
[Site "Kufstein"]
[Date "1999.10.17"]
[Round "3.1"]
[White "Bachmayr, Peter"]
[Black "Dizdar, Goran"]
[Result "1/2-1/2"]
[WhiteElo "2366"]
[BlackElo "2563"]

1.d4 Nf6 2.Nf3 e6 3.c4 Bb4+ 4.Nbd2 O-O 5.e3 b6 6.Bd3 c5 7.a3 Bxd2+ 8.Bxd2 Bb7
9.O-O d6 10.Bc3 Nbd7 11.b4 Qe7 12.Qc2 cxd4 13.exd4 Bxf3 14.gxf3 d5 15.c5 bxc5
16.dxc5 Ne5 17.Qe2 Nxd3 18.Qxd3 Nh5 19.Qe3 g6 20.b5 Ng7 21.Bxg7 Kxg7 22.Qd4+ f6
23.Rfe1 e5 24.Qxd5 Rad8 25.Qc4 Rd4 26.Qc3 Rfd8 27.Re3 R8d5 28.Rc1 Rxc5 29.Qxc5 Rd1+
30.Rxd1 Qxc5 31.a4 h5 32.Kg2 Kh6 33.h4 g5 34.hxg5+ Kxg5 35.Rd7 f5 36.Rd8 Qc4
37.Rxe5 Qxa4 38.Rdd5 Qc2 39.Rc5 Qb1 40.Rcd5 h4 41.Rxf5+  1/2-1/2

[Event "Chigorin mem"]
[Site "St Petersburg"]
[Date "1999.11.06"]
[Round "5"]
[White "Khmelnitski, Alexander"]
[Black "Dubinka, Inna"]
[Result "1-0"]
[WhiteElo "2444"]
[BlackElo "2295"]

1.d4 e6 2.c4 Nf6 3.Nf3 Bb4+ 4.Nbd2 b6 5.a3 Bxd2+ 6.Bxd2 Bb7 7.Bg5 h6 8.Bh4 d6
9.e3 Nbd7 10.Nd2 e5 11.d5 O-O 12.e4 Re8 13.f3 Nf8 14.Bf2 Bc8 15.Bd3 Ng6 16.h4 Nf4
17.Bf1 a5 18.g3 N4h5 19.b3 Bd7 20.Bd3 Qc8 21.Nf1 Nh7 22.Ne3 Nf8 23.Qc2 Ng6
24.O-O-O Ne7 25.Rhg1 Rf8 26.Nf5 Nxf5 27.exf5 c6 28.Be4 Qc7 29.Be3 cxd5 30.Bxd5 Bc6
31.g4 Nf4 32.Bxf4 Bxd5 33.cxd5 Qxc2+ 34.Kxc2 exf4 35.Kd3 Rac8 36.Rc1 Rxc1
37.Rxc1 Re8 38.Kd4 Kf8 39.g5 hxg5 40.hxg5 f6 41.g6 b5 42.Rc7 Re3 43.Rf7+ Kg8
44.Rb7 Kf8 45.Rxb5 a4 46.Rb8+ Ke7 47.Rb7+ Ke8 48.bxa4 Rxf3 49.Rxg7 Rxa3 50.Rg8+ Ke7
51.Ra8  1-0

[Event "Chigorin mem"]
[Site "St Petersburg"]
[Date "1999.11.09"]
[Round "8"]
[White "Danielian, Vardan"]
[Black "Vlasov, Egor"]
[Result "1/2-1/2"]
[WhiteElo "2289"]
[BlackElo "2155"]

1.d4 Nf6 2.c4 e6 3.Nf3 Bb4+ 4.Nbd2 d5 5.a3 Be7 6.g3 b6 7.Bg2 Bb7 8.O-O O-O
9.cxd5 exd5 10.b4 a5 11.b5 c6 12.bxc6 Nxc6 13.Bb2 b5 14.Ne5 b4 15.axb4 Bxb4
16.Nd3 Qb6 17.Rb1 Ba6 18.Nc5 Rab8 19.Nxa6 Qxa6 20.e4 Bxd2 21.Qxd2 Nxe4 22.Bxe4 dxe4
23.d5 Nb4 24.Qd4 Qg6 25.Bc3 Qf6 26.Qxf6 gxf6 27.Rfd1 Kg7 28.Rd4 Nc2 29.Rxb8 Nxd4
30.Rxf8 Nf3+ 31.Kg2 Kxf8 32.Bxa5 Ke7 33.Bb4+ Kd7 34.g4 Nd4 35.Bc3 Ne2 36.Bxf6 Nf4+
37.Kg3 Nxd5 38.Bd4 Ke6 39.h3 f5  1/2-1/2

[Event "SLO-chT"]
[Site "Bled"]
[Date "1999.11.10"]
[Round "3"]
[White "Kozul, Zdenko"]
[Black "Dizdar, Goran"]
[Result "1/2-1/2"]
[WhiteElo "2612"]
[BlackElo "2549"]

1.d4 Nf6 2.c4 e6 3.Nf3 Bb4+ 4.Nbd2 O-O 5.g3 b6 6.Bg2 Bb7 7.O-O d5 8.cxd5 exd5
9.Qb3 Bd6 10.Nb1 Re8 11.Nc3 h6 12.Bf4 Na6 13.Bxd6 Qxd6 14.Rfd1 Ne4 15.Ne5 Re7
16.Rac1 c5 17.e3 Nxc3 18.bxc3 c4 19.Qa4 Rc7 20.Rb1 Rd8 21.Rb5 Nb8 22.Rdb1 Nd7
23.Nxd7 Rcxd7 24.R5b4 Bc6  1/2-1/2

[Event "ch-ESP (team) Div 2"]
[Site "Cala Galdana ESP"]
[Date "1999.11.11"]
[Round "4"]
[White "Campos Moreno,J"]
[Black "Del Rio Angelis,S"]
[Result "1-0"]
[WhiteElo "2484"]
[BlackElo "2471"]

1.d4 e6 2.c4 Nf6 3.Nf3 Bb4+ 4.Nbd2 b6 5.a3 Bxd2+ 6.Qxd2 Bb7 7.e3 O-O 8.Be2 d6
9.O-O Nbd7 10.b4 Ne4 11.Qc2 c5 12.Nd2 Nxd2 13.Qxd2 Qg5 14.f3 Nf6 15.dxc5 dxc5
16.e4 Qxd2 17.Bxd2 Nd7 18.Rfd1 Rfd8 19.Bc3 f6 20.Rd2 Kf7 21.Rad1 Ke7 22.Kf2 Ne5
23.f4 Nc6 24.b5 Rxd2 25.Rxd2 Nd8 26.e5 Nf7 27.exf6+ gxf6 28.g4 Rf8 29.Bd3 Nd6
30.Re2 Rg8 31.h3 h5 32.Kg3 hxg4 33.hxg4 f5 34.g5 Be4 35.Be5 Bxd3 36.Bxd6+ Kxd6
37.Rd2 Ke7 38.Rxd3 Rh8 39.Rd2 a6 40.bxa6 Ra8 41.Rh2 Rxa6 42.Rh7+ Kf8 43.g6 Rxa3+
44.Kh4 Rd3 45.Kg5 Rd6 46.Kh6 Kg8 47.Rg7+ Kh8 48.Re7  1-0

[Event "ch-ESP (team) Div 2"]
[Site "Cala Galdana ESP"]
[Date "1999.11.11"]
[Round "4"]
[White "Estremera Panos,S"]
[Black "Munoz Agullo,F"]
[Result "0-1"]
[WhiteElo "2387"]
[BlackElo "2297"]

1.d4 Nf6 2.c4 e6 3.Nf3 Bb4+ 4.Nbd2 b6 5.a3 Bxd2+ 6.Qxd2 Bb7 7.e3 d6 8.Be2 Nbd7
9.b4 O-O 10.Bb2 Qe7 11.O-O Ne4 12.Qc2 f5 13.Ne1 Qh4 14.f3 Ng5 15.d5 Rae8
16.Qa4 Nf6 17.Qxa7 Rb8 18.Rd1 f4 19.e4 e5 20.Nd3 Nd7 21.Nf2 Nf7 22.Qa4 Qe7
23.Qc2 g5 24.Nd3 Bc8 25.Rc1 Nf6 26.c5 bxc5 27.bxc5 g4 28.cxd6 cxd6 29.Nb4 Qe8
30.Qc7 Qd7 31.Qc3 Ng5 32.Nc6 Ra8 33.Qb4 Nf7 34.Qe1 Ng5  0-1

[Event "7th Young Masters"]
[Site "Loures POR"]
[Date "1999.11.24"]
[Round "2"]
[White "Conceicoa,P"]
[Black "Damaso,R"]
[Result "1/2-1/2"]
[WhiteElo "2058"]
[BlackElo "2399"]

1.d4 Nf6 2.c4 e6 3.Nf3 Bb4+ 4.Nbd2 b6 5.g3 Bb7 6.Bg2 a5 7.O-O O-O 8.Qc2 c5
9.a3 Bxd2 10.Bxd2 Be4 11.Qc3 Nc6 12.dxc5 bxc5 13.Bg5 Rb8 14.Rfd1 Bxf3 15.Bxf3 Nd4
16.b4 e5 17.bxc5 Rb3 18.Bxf6 gxf6 19.Qc1 Qc7 20.Kg2 Qxc5 21.Be4 f5 22.Qg5+ Kh8
23.Qf6+  1/2-1/2

[Event "Masters"]
[Site "Kilkenny IRL"]
[Date "1999.11.27"]
[Round "4"]
[White "Van Esch,S"]
[Black "Bellin,R"]
[Result "1/2-1/2"]
[WhiteElo "2166"]
[BlackElo "2351"]

1.d4 e6 2.Nf3 Nf6 3.c4 Bb4+ 4.Nbd2 b6 5.g3 Bb7 6.Bg2 O-O 7.a3 Bxd2+ 8.Qxd2 d6
9.O-O Nbd7 10.b4 Qe7 11.Rd1 Be4 12.Bb2 h6 13.Rac1 Rfd8 14.Ne1 Bxg2 15.Nxg2 c6
16.Ne3 Rac8 17.Rc2 Nf8  1/2-1/2

[Event "Eu Team Ch"]
[Site "Batumi GEO"]
[Date "1999.11.30"]
[Round "2"]
[White "Kempinski,R"]
[Black "Aronian,L"]
[Result "1/2-1/2"]
[WhiteElo "2549"]
[BlackElo "2518"]

1.d4 Nf6 2.c4 e6 3.Nf3 Bb4+ 4.Nbd2 b6 5.a3 Bxd2+ 6.Qxd2 Bb7 7.b4 O-O 8.Bb2 d6
9.e3 Nbd7 10.Be2 Ne4 11.Qd3 f5 12.O-O Rf6 13.d5 Rg6 14.Rad1 Qe7 15.Ne1 a5
16.f3 Ng5 17.Nc2 exd5 18.cxd5 Ba6 19.b5 Nc5 20.Qd2 Bb7 21.Nd4 Rf8 22.Bc4 Rh6
23.Rde1 Qf7 24.e4 Qh5 25.Nxf5 Qxh2+ 26.Kf2 Rxf5 27.exf5 Qh4+ 28.g3 Nge4+
29.Rxe4 Nxe4+ 30.fxe4 Qxe4 31.Be2 Bxd5 32.Ke1 Rh2 33.Rf2 Rh1+ 34.Rf1 Rh2
35.Rf2 Rh1+ 36.Rf1 Rxf1+ 37.Kxf1 Qg2+ 38.Ke1 Qxg3+ 39.Kd1 Bb3+ 40.Kc1 Qg1+
41.Bd1 Bxd1 42.Qd5+ Kf8 43.Qxd1 Qg5+ 44.Qd2 Qg1+ 45.Qd1  1/2-1/2

[Event "Belgian Interteams 1999-2000"]
[Site "Antwerp BEL"]
[Date "1999.11.??"]
[Round "4"]
[White "Luminet,D"]
[Black "Tjiam,D"]
[Result "1/2-1/2"]
[WhiteElo "2285"]
[BlackElo "2344"]

1.d4 Nf6 2.Nf3 e6 3.c4 Bb4+ 4.Nbd2 b6 5.a3 Bxd2+ 6.Qxd2 Bb7 7.e3 d6 8.Be2 Nbd7
9.O-O O-O 10.b4 Ne4 11.Qd3 f5 12.Bb2 Rf6 13.Rac1 Rh6 14.d5 e5 15.g3 Qf6 16.Nd2 Qg6
17.Nxe4  1/2-1/2

[Event "Eu Team Ch"]
[Site "Batumi GEO"]
[Date "1999.12.01"]
[Round "3"]
[White "Lutz,C"]
[Black "Miezis,N"]
[Result "1/2-1/2"]
[WhiteElo "2591"]
[BlackElo "2524"]

1.d4 Nf6 2.Nf3 e6 3.c4 Bb4+ 4.Nbd2 c5 5.a3 Bxd2+ 6.Qxd2 cxd4 7.Nxd4 d5 8.e3 Nc6
9.cxd5 Qxd5 10.Nxc6 bxc6 11.f3 O-O 12.e4 Qe5 13.Rb1 a5 14.Qf4 Qc5 15.Qe3 Nd7
16.Bd2 Ba6 17.Bxa6 Rxa6 18.Qd3 Raa8 19.Qxd7 Rfd8 20.Qc7 Qc2 21.Rd1 Rd3 22.Rf1 a4
23.Qe5 Rad8 24.Rf2 Qb3 25.h4 h6 26.h5 R8d4 27.Qc5 Qxb2 28.Qxc6 Kh7 29.Qc1 Qb3
30.Re2 Rd7 31.Kf2 Qb6+ 32.Re3 Rb3 33.Ke2 Rxd2+ 34.Qxd2 Rb2 35.e5 Qb5+ 36.Kf2 Qb6
37.Qxb2 Qxb2+ 38.Kg1 Qb6 39.Re1 Qd4 40.g3 Qc5 41.Kg2 Qc2+ 42.R1e2 Qc5 43.Kf2 Qc1
44.Kg2 Qc5 45.Kf2  1/2-1/2

[Event "FSIMA December"]
[Site "Budapest HUN"]
[Date "1999.12.05"]
[Round "2"]
[White "Petran,Pa"]
[Black "Galianina Ryjanova,J"]
[Result "1/2-1/2"]
[WhiteElo "2371"]
[BlackElo "2325"]

1.d4 Nf6 2.c4 e6 3.Nf3 Bb4+ 4.Nbd2 b6 5.a3 Bxd2+ 6.Bxd2 Bb7 7.Bg5 d6 8.e3 Nbd7
9.Qc2 h6 10.Bh4 Qe7 11.Rd1 Be4 12.Qc3 a5 13.Bd3 Bxd3 14.Qxd3 a4 15.Nd2 g5
16.Bg3 Nh5 17.Qe2 Nxg3 18.hxg3 Qf6 19.Ne4 Qg6 20.Nc3 Ke7 21.g4 Nf6 22.e4 Nd7
23.Rh3 c6 24.Kf1 Kf8 25.g3 Kg7 26.Kg2 Qf6 27.Rhh1 Qg6 28.f3 Rhe8 29.Rh2 Rh8
30.Rdh1 Qf6 31.Qe3 c5 32.Rd1 cxd4 33.Rxd4 Ne5 34.Nb5 Rac8 35.Qc3 Rc6 36.Rh1 Rhc8
37.Nxd6 Rd8 38.Rhd1 Rh8 39.Qe3 Rc5 40.Qc3 Rc6 41.Qe3 Rxd6 42.Rxd6 Nxc4 43.Qe2 Nxd6
44.e5 Qe7 45.exd6 Qd7 46.Qe5+ f6 47.Qd4 Qc6 48.Qe4 Qxe4 49.fxe4 e5 50.Rc1 Kf7
51.Rc6 b5 52.Rb6 Rd8 53.Kf3 Ke6 54.Ke3 Rxd6 55.Rxb5 Rd1 56.Rb6+ Ke7 57.Rb4 Rg1
58.Kf2 Rc1 59.Rxa4 Rc2+ 60.Ke3 Rxb2 61.Ra6 Rb3+ 62.Kf2 Rb2+ 63.Kf3 Rb3+  1/2-1/2

[Event "Vikings Challengers"]
[Site "York ENG"]
[Date "1999.12.13"]
[Round "1"]
[White "Meister,P"]
[Black "Quinn,M"]
[Result "1/2-1/2"]
[WhiteElo "2417"]
[BlackElo "2377"]

1.d4 Nf6 2.c4 e6 3.Nf3 Bb4+ 4.Nbd2 d5 5.Qa4+ Nc6 6.a3 Bxd2+ 7.Bxd2 Ne4 8.Rd1 O-O
9.e3 Bd7 10.Qc2 Be8 11.Bc1 a5 12.b3 Kh8 13.Be2 f6 14.O-O Ne7 15.Bd3 Bc6 16.Bb2 Qe8
17.Rfe1 Qh5 18.Nd2 f5 19.a4 Rf6 20.f3 Nxd2 21.Rxd2 Rh6 22.h3 Rg6 23.e4 dxe4
24.fxe4 Qxh3 25.d5 Qh4 26.Rf2 Rh6 27.Kf1 Qg4 28.Kg1 Qh4 29.Kf1  1/2-1/2

[Event "Open"]
[Site "Zadar CRO"]
[Date "1999.12.16"]
[Round "6"]
[White "Shariyazdanov,A"]
[Black "Fercec,N"]
[Result "0-1"]
[WhiteElo "2588"]
[BlackElo "2476"]

1.d4 Nf6 2.c4 e6 3.Nf3 Bb4+ 4.Nbd2 O-O 5.a3 Bxd2+ 6.Bxd2 b6 7.g3 Bb7 8.Bg2 d6
9.O-O Nbd7 10.Re1 Qe7 11.b4 Rfd8 12.Qb3 Be4 13.Bc3 c5 14.Red1 Rac8 15.dxc5 bxc5
16.b5 d5 17.a4 d4 18.Bb2 e5 19.e3 h6 20.Re1 Qd6 21.Rad1 Qc7 22.Nh4 Bxg2 23.Nxg2 Qb7
24.Nh4 Re8 25.Qc2 Ne4 26.a5 Ndf6 27.f3 Ng5 28.e4 a6 29.b6 Qc6 30.Bc1 Nfh7
31.Qd3 g6 32.Rf1 Re6 33.Bd2 Rf8 34.Rb1 Qb7 35.Qa3 Rc6 36.Rbe1 Re8 37.Re2 Rcc8
38.Qd3 Re6 39.Rfe1 Rce8 40.Rf1 Qc6 41.Rb1 Qb7 42.Rbe1 Qc6 43.Bc1 R8e7 44.Rf1 Re8
45.Ng2 Nh3+ 46.Kh1 N7g5 47.Ne1 f5 48.Bxg5 hxg5 49.exf5 e4 50.fxe4 Rxe4 51.Rxe4 Rxe4
52.Kg2 Rxe1+  0-1

[Event "Vikings GMB"]
[Site "York ENG"]
[Date "1999.12.20"]
[Round "8"]
[White "Meister,P"]
[Black "Seul,G"]
[Result "0-1"]
[WhiteElo "2417"]
[BlackElo "2445"]

1.d4 Nf6 2.c4 e6 3.Nf3 Bb4+ 4.Nbd2 b6 5.g3 Bb7 6.Bg2 O-O 7.a3 Be7 8.O-O c5
9.dxc5 bxc5 10.b3 d5 11.cxd5 exd5 12.Bb2 Nbd7 13.Qc2 Re8 14.Rfd1 Qb6 15.e3 Bf8
16.Rab1 a5 17.h3 Rad8 18.Bc3 Ba6 19.g4 Be2 20.Re1 Bb5 21.Red1 Qa6 22.Nf1 Bc6
23.Ng3 Qa8 24.Ne1 h6 25.a4 Qa7 26.Qb2 Qb6 27.Nd3 d4 28.exd4 Bxg2 29.Kxg2 Nd5
30.Ne5 Qb7 31.Kh2 cxd4 32.Bxd4 Nf4 33.f3 Nxe5 34.Bxe5 Nd3 35.Rxd3 Rxd3 36.f4 Qd5
37.Nf1 f6 38.Bc3 Qf3  0-1

[Event "Athens op"]
[Site "Athens"]
[Date "1999.??.??"]
[Round "8"]
[White "Grivas, Efstratios"]
[Black "Gogolis, Alexandros"]
[Result "1-0"]
[WhiteElo "2528"]
[BlackElo "2242"]

1.d4 Nf6 2.c4 e6 3.Nf3 Bb4+ 4.Nbd2 b6 5.g3 Bb7 6.Bg2 O-O 7.O-O Bxd2 8.Bxd2 d6
9.Qc2 Be4 10.Qa4 Qe8 11.Qa3 Nbd7 12.Rac1 Qe7 13.Rfd1 c5 14.dxc5 dxc5 15.Qe3 Rfd8
16.Bc3 Bb7 17.Nd2 Bxg2 18.Kxg2 Nf8 19.Qf3 Rac8 20.h4 Rc7 21.Bxf6 gxf6 22.Ne4 f5
23.Nc3 Rcd7 24.e4 Rxd1 25.Rxd1 Rxd1 26.Qxd1 fxe4 27.Nxe4 f5 28.Nc3 Qb7+ 29.f3 Qd7
30.Qxd7 Nxd7 31.Nb5 a5 32.b3 Kf7 33.g4 Kg6 34.Kg3 h6 35.Nd6 fxg4 36.fxg4 Kf6
37.Kf4 Kg6 38.h5+ Kf6 39.Ne4+ Kg7 40.g5 hxg5+ 41.Kxg5 a4 42.h6+ Kh8 43.bxa4 Ne5
44.Nd6 Kh7 45.Kf6  1-0

[Event "Bagneux"]
[Site "Bagneux"]
[Date "1999.??.??"]
[Round "9"]
[White "Doornbos, Yann"]
[Black "Borne, Niels"]
[Result "1-0"]
[WhiteElo "2340"]
[BlackElo "2310"]

1.d4 Nf6 2.c4 e6 3.Nf3 Bb4+ 4.Nbd2 b6 5.a3 Bxd2+ 6.Bxd2 Bb7 7.g3 d6 8.Bg2 Nbd7
9.O-O O-O 10.b4 Re8 11.Rc1 Ne4 12.Be3 Nef6 13.Qb3 Qb8 14.Rfd1 a5 15.Qb2 axb4
16.axb4 Be4 17.Bf1 b5 18.Nd2 bxc4 19.Nxe4 Nxe4 20.Rxc4 Nb6 21.Rcc1 Nd5 22.Bd2 Nxd2
23.Qxd2 Ra4 24.b5 f5 25.e3 Kh8 26.Rc2 Qb7 27.Rdc1 Rea8 28.Qe2 R8a5 29.e4 fxe4
30.Qxe4 Ra8 31.Rxc7 Rxd4 32.Qxd5  1-0

[Event "Oberliga Bayern9899"]
[Site "Bayern"]
[Date "1999.??.??"]
[Round "?"]
[White "Kraeussling, Andreas"]
[Black "Hartmann, Wolfram"]
[Result "1-0"]
[WhiteElo "2270"]
[BlackElo "2220"]

1.d4 Nf6 2.c4 e6 3.Nf3 Bb4+ 4.Nbd2 b6 5.g3 Bb7 6.Bg2 c5 7.O-O cxd4 8.Nxd4 Bxg2
9.Kxg2 O-O 10.Qa4 Be7 11.N2f3 Qc8 12.Rd1 Qb7 13.Bf4 Ne4 14.Kg1 g5 15.Bd2 Na6
16.Be1 g4 17.Ne5 Ng5 18.f3 Nc5 19.Qa3 gxf3 20.Ndxf3 Rad8 21.Nxg5 Bxg5 22.Qf3 Qxf3
23.exf3 f6 24.Nd3 d5 25.f4 Bh6 26.cxd5 Rxd5 27.Nxc5 bxc5 28.Rac1 Rfd8 29.Rxd5 Rxd5
30.Rc2 Kf7 31.Bf2 Bf8 32.Kf1 f5 33.Ke2 e5 34.fxe5 Ke6 35.Rc4 Kxe5 36.Ra4 Rd7
37.Ra5 Rb7 38.b3 Kd5 39.Kf3 Bd6 40.Ra4 Re7 41.Ra5 Kc6 42.Ra6+ Kd5 43.Be3 Rb7
44.Bf4 Be5 45.Bxe5 Kxe5 46.Ra5 Kd4 47.Kf4 Rf7 48.Kg5 Rc7 49.Kxf5 Ke3 50.Ke5 c4
51.Kd6 Rc8 52.Kd7 Rg8 53.bxc4 Kd4 54.c5 Rg7+ 55.Kc6 Rg6+ 56.Kb5 Rg8 57.Rxa7 Rb8+
58.Kc6 Rc8+ 59.Rc7 Ra8 60.Rxh7 Rxa2  1-0

[Event "Oberliga Bayern9899"]
[Site "Bayern"]
[Date "1999.??.??"]
[Round "?"]
[White "Haag, Wolfgang"]
[Black "Straub, Juergen"]
[Result "0-1"]
[WhiteElo "2275"]
[BlackElo "2195"]

1.d4 Nf6 2.c4 e6 3.Nf3 Bb4+ 4.Nbd2 O-O 5.a3 Be7 6.e4 d5 7.e5 Nfd7 8.cxd5 exd5
9.b4 f6 10.Bd3 fxe5 11.dxe5 c5 12.Qc2 h6 13.Qa2 c4 14.Nxc4 Rxf3 15.gxf3 dxc4
16.Qxc4+ Kh8 17.f4 Nf8 18.f5 Nbd7 19.Bb2 Nb6 20.Qe4 Na4 21.Bc1 Nc3 22.Qc4 Bxf5
23.Qxc3 Rc8 24.Bc4 Be6 25.Qd3 Rxc4 26.Qxd8 Bxd8 27.f4 Bh4+ 28.Ke2 Rc2+ 29.Bd2 Bg4+
30.Ke3 Bd8 31.Rhc1 Bb6+ 32.Kd3 Bf5+ 33.Ke2 Rb2 34.a4 Ne6 35.Ke1 Nd4 36.a5 Bd8  0-1

[Event "Oberliga Bayern9899"]
[Site "Bayern"]
[Date "1999.??.??"]
[Round "?"]
[White "Gruenberg, Hans Ulrich"]
[Black "Hartmann, Wolfram"]
[Result "1/2-1/2"]
[WhiteElo "2455"]
[BlackElo "2275"]

1.d4 Nf6 2.c4 e6 3.Nf3 Bb4+ 4.Nbd2 b6 5.a3 Bxd2+ 6.Bxd2 Bb7 7.Bg5 h6 8.Bh4 g5
9.Bg3 Ne4 10.Nd2 Nxg3 11.hxg3 f5 12.e3 g4 13.Qc2 Qf6 14.O-O-O Nc6 15.Bd3 O-O-O
16.Rh2 Ne7 17.Rdh1 h5 18.Qd1 Qg6 19.Nb1 Be4 20.Nc3 Rh6 21.Ne2 Rdh8 22.Nf4 Qe8
23.Bxe4 fxe4 24.Qa4 Kb8 25.Qb5 Nf5 26.Qe5 h4 27.gxh4 g3 28.Rh3 gxf2 29.h5 Qg8
30.Rf1 d6 31.Qxe4 Ng3 32.Rxg3 Qxg3 33.Kd2 e5 34.Ng6 exd4 35.Nxh8 Rxh8 36.exd4 Qg5+
37.Qe3 Qxg2 38.Rxf2 Qh1 39.h6 Qxh6 40.Qxh6 Rxh6 41.Rf7  1/2-1/2

[Event "Burgas op-8"]
[Site "Burgas"]
[Date "1999.??.??"]
[Round "5"]
[White "Gomez Esteban, Juan Mario"]
[Black "Lorenzo Duran, Marcos"]
[Result "1-0"]
[WhiteElo "2475"]
[BlackElo "2215"]

1.d4 e6 2.c4 Nf6 3.Nf3 Bb4+ 4.Nbd2 b6 5.a3 Bxd2+ 6.Qxd2 Bb7 7.e3 Ne4 8.Qc2 O-O
9.Be2 d6 10.O-O Nd7 11.Nd2 Nxd2 12.Bxd2 c5 13.f3 Rc8 14.dxc5 dxc5 15.Rad1 Qe7
16.Bc3 Rfd8 17.Bd3 Nf8 18.Qf2 f6 19.Qg3 e5 20.f4 exf4 21.exf4 Re8 22.Rde1 Qd6
23.h3 Rxe1 24.Rxe1 Rd8 25.Re3 Kf7 26.Qg4 g6 27.f5 gxf5 28.Qxf5 Ng6 29.Qh5 Kg7
30.Qg4 Kf7 31.Qh5 Kg7 32.Qg5 Rd7 33.Rg3 Qe6 34.Bxg6 hxg6 35.Qxg6+ Kf8 36.Bxf6 Qf7
37.Qh6+ Ke8 38.Re3+  1-0

[Event "Burgas op-8"]
[Site "Burgas"]
[Date "1999.??.??"]
[Round "6"]
[White "Gomez Esteban, Juan Mario"]
[Black "Campos Moreno, Javier B"]
[Result "1/2-1/2"]
[WhiteElo "2475"]
[BlackElo "2480"]

1.d4 Nf6 2.c4 e6 3.Nf3 Bb4+ 4.Nbd2 b6 5.a3 Bxd2+ 6.Qxd2 Bb7 7.e3 O-O 8.Be2 d6
9.O-O Nbd7 10.Qc2 Qe7 11.b4 c5 12.Bb2 Rfc8 13.dxc5 dxc5 14.b5 e5 15.Rfd1 e4
16.Nh4 Qe6 17.Qc3 Re8 18.a4 Ne5 19.Qxe5 Qxe5 20.Bxe5 Rxe5 21.g4 Bc8 22.a5 Rb8
23.h3 Kf8 24.axb6 axb6 25.Ra7 Re7 26.Rd8+ Ne8 27.Ra6 Rd7 28.Rxd7 Bxd7 29.Ng2 g5
30.Ne1 Nd6 31.Nc2 Bc8 32.Ra7 Bb7 33.Na3 Ra8 34.Rxa8+ Bxa8 35.Nb1 Ke7 36.Nc3 Kd8
37.Na4 Kc7 38.Nc3 Bb7 39.Kg2 h6 40.Kg3 Ne8 41.h4 Nf6 42.hxg5 hxg5 43.Bd1 Bc8
44.Be2  1/2-1/2

[Event "Burgas op-8"]
[Site "Burgas"]
[Date "1999.??.??"]
[Round "8"]
[White "Estremera Panos, Sergio"]
[Black "Garcia Carbo, Marcial"]
[Result "1/2-1/2"]
[WhiteElo "2385"]
[BlackElo "2340"]

1.d4 Nf6 2.c4 e6 3.Nf3 Bb4+ 4.Nbd2 O-O 5.a3 Be7 6.e4 d5 7.Qc2 dxe4 8.Nxe4 Nxe4
9.Qxe4 f5 10.Qe3 c5 11.dxc5 a5 12.Bd2 Qc7 13.Bc3 Bxc5 14.Qe2 Nc6 15.Rd1 e5
16.Nxe5 Re8 17.f4 Bd6 18.Kf2 Be6 19.g3 Bf7 20.Re1 b5 21.cxb5 Qb6+ 22.Kg2 Bd5+
23.Kh3 Nxe5 24.fxe5 Bxh1 25.Qc4+ Kh8 26.exd6 Rxe1 27.Qf7 Rg8 28.Bxg7+ Rxg7
29.Qf8+ Rg8 30.Qf6+  1/2-1/2

[Event "Ceske Budejovice op"]
[Site "Ceske Budejovice"]
[Date "1999.??.??"]
[Round "2"]
[White "Saljova, Silvie"]
[Black "Kubala, Martin"]
[Result "0-1"]
[WhiteElo "2180"]
[BlackElo "2285"]

1.d4 e6 2.Nf3 Nf6 3.c4 Bb4+ 4.Nbd2 b6 5.a3 Bxd2+ 6.Bxd2 Bb7 7.Bg5 h6 8.Bh4 d6
9.e3 g5 10.Bg3 Ne4 11.Nd2 Nxg3 12.hxg3 Nd7 13.f4 Qe7 14.Qa4 e5 15.dxe5 dxe5
16.O-O-O exf4 17.exf4 O-O-O 18.Qc2 Nc5 19.b4 Ne6 20.Qf5 a5 21.Qe5 gxf4 22.gxf4 axb4
23.f5 Qg5 24.axb4 Rhe8 25.Qc3 Nf4 26.f6 Bxg2 27.Rg1 Bxf1 28.Qf3 Bg2 29.Rxg2 Qxg2
30.Qxf4 Re2 31.Qxh6 Rd4 32.b5 Kb7 33.Qg7 Qxg7 34.fxg7 Rg2 35.c5 bxc5 36.Rf1 Rxg7
37.Nb3 Rc4+ 38.Kd1 Kb6  0-1